Use of multi-agent system to improve irrigation water sharing in Linguteychu watershed, Bhutan. (Record no. 10129)

MARC details
000 -LEADER
fixed length control field 00381nam a22001217a 4500
008 - FIXED-LENGTH DATA ELEMENTS--GENERAL INFORMATION
fixed length control field 250303b |||||||| |||| 00| 0 eng d
082 ## - DEWEY DECIMAL CLASSIFICATION NUMBER
Classification number Thesis/MSc. GUR 2004
100 ## - MAIN ENTRY--PERSONAL NAME
Personal name Gurung, Tayan Raj.
245 ## - TITLE STATEMENT
Title Use of multi-agent system to improve irrigation water sharing in Linguteychu watershed, Bhutan.
300 ## - PHYSICAL DESCRIPTION
Extent xv. 117 p. :
Other physical details ill. ;
Dimensions 28 cm.
650 ## - SUBJECT ADDED ENTRY--TOPICAL TERM
Topical term or geographic name entry element Thesis.
942 ## - Added entry Elements (Koha)
Source of classification or shelving scheme Dewey Decimal Classification
Holdings
Withdrawn status Lost status Source of classification or shelving scheme Damaged status Not for loan Collection code Home library Current library Shelving location Date acquired Inventory number Total Checkouts Full call number Barcode Date last seen Price effective from Koha item type
    Dewey Decimal Classification     Non-fiction RTC Library RTC Library Faculty reserve 03/03/2025 19125   Thesis / MSc GUR 2004 30020284 03/03/2025 03/03/2025 Faculty Reserve
Royal Thimphu College || All Right Reserved